01201nam a2200337 i 450000100060000000300080000600500170001400600190003100700150005000800410006502000280010603500220013404000310015605000230018708000140021008200160022410000340024024501020027426400690037630000400044533600310048533700330051633800430054950000220059250400280061458800830064265000230072565000250074865500270077385600630080037709FINmELB20241216221524.0m o d | cr cnu||||||||211230s2020 ck ob 001 0 spa d a9789585450134q(e-book) a(OCoLC)1292942091 aFINmELBbspaerdacFINmELB 4aTS171.4bG643 2020 a658.512.204a658.5752231 aGonzález, Federico,eautor.10aDiseño industrial y creación artística :bencuentros y antagonismos /cFederico González. 1aBogotá, Colombia :bUniversidad Autónoma de Colombia,c2020. a1 recurso en línea (91 páginas) atextobtxt2rdacontent/spa acomputadorabc2rdamedia/spa arecurso en líneabcr2rdacarrier/spa aIncluye índice. aIncluye bibliografía. aDescripción basada en metadatos suministrados por el editor y otras fuentes. 0aIndustrial design. 4aDiseño industrial. 4aLibros electrónicos.40uhttps://elibro.net/ereader/politecnicointernacional/188142